Tuberculosis / (Registro nro. 188452)
[ vista simple ]
| 000 -LEADER | |
|---|---|
| campo de control de longitud fija | 00937nam a2200217 i 4500 |
| 001 - NÚMERO DE CONTROL | |
| campo de control | 188452 |
| 003 - IDENTIFICADOR DE NÚMERO DE CONTROL | |
| campo de control | ES-MaACL |
| 005 - FECHA Y HORA DE LA ÚLTIMA TRANSACCIÓN | |
| campo de control | 20251002204759.0 |
| 008 - DATOS DE LONGITUD FIJA--INFORMACIÓN GENERAL | |
| campo de control de longitud fija | 181010m19301934fr |||| | fre d |
| 245 00 - MENCIÓN DEL TÍTULO | |
| Título | Tuberculosis / |
| Mención de responsabilidad, etc. | por Emilio Sergent [et al.] ; traducción de la 2ª edición francesa del Dr. A. Cubells Blasco. |
| 250 ## - MENCION DE EDICION | |
| Mención de edición | 2ª ed. |
| 260 ## - PUBLICACIÓN, DISTRIBUCIÓN, ETC. | |
| Lugar de publicación, distribución, etc. | Barcelona : Pubul, 1930-1934. |
| 300 ## - DESCRIPCIÓN FÍSICA | |
| Extensión | 2 v. : |
| Otras características físicas | il. ; |
| Dimensiones | 22 cm. |
| 490 1# - MENCIÓN DE SERIE | |
| Mención de serie | Tratado de patología médica y de terapéutica aplicada / publicada bajo la dirección de Emilio Sergent... ; |
| Designación de volumen o secuencia | 17-18 |
| 650 07 - PUNTO DE ACCESO ADICIONAL DE MATERIA--TÉRMINO DE MATERIA | |
| Término de materia o nombre geográfico como elemento de entrada | Tuberculosis |
| Fuente del encabezamiento o término | embne |
| 9 (RLIN) | 17658 |
| 700 1# - ENTRADA AGREGADA--NOMBRE PERSONAL | |
| Nombre de persona | Sergent, Émile, |
| Fechas asociadas al nombre | 1867-1943 |
| 9 (RLIN) | 151848 |
| 700 1# - ENTRADA AGREGADA--NOMBRE PERSONAL | |
| Nombre de persona | Cubells Blasco, Arturo. |
| 9 (RLIN) | 41926 |
| 830 0# - PUNTO DE ACCESO ADICIONAL DE SERIE-TÍTULO UNIFORME | |
| Título uniforme | Tratado de patología médica y de terapéutica aplicada / publicada bajo la dirección de Emilio Sergent... ; |
| Designación de volumen o secuencia | 17-18 |
| 9 (RLIN) | 193058 |
| 852 ## - LOCALIZACIÓN | |
| Ubicación | ES-MaACL |
| Número de control de estantería | C-6719 |
| condición física | .- Falta vol. 1º |
| Estatus retirado | Estado de pérdida | Estado de daño | No para préstamo | Biblioteca de origen | Biblioteca actual | Ubicación en estantería | Fecha de adquisición | Fuente de adquisición | Total de préstamos | Signatura topográfica completa | Código de barras | Visto por última vez | Precio de reemplazo | Tipo de ítem Koha |
|---|---|---|---|---|---|---|---|---|---|---|---|---|---|---|
| Biblioteca del Ateneo de Madrid | Biblioteca del Ateneo de Madrid | Sala Palomar | 10/10/2018 | C-6719 | 1199356 | 23/02/2023 | 23/02/2023 | Libro impreso |
